BENCH FITER GUIDE (Record no. 580651)

000 -LEADER
fixed length control field 00243nam a22001097a 4500
082 ## - DEWEY DECIMAL CLASSIFICATION NUMBER
Classification number 620.1 KHA'B
100 ## - MAIN ENTRY--PERSONAL NAME
Personal name KHAN MUHAMMAD IKHLAS
9 (RLIN) 75183
245 ## - TITLE STATEMENT
Title BENCH FITER GUIDE
260 ## - PUBLICATION, DISTRIBUTION, ETC.
Place of publication, distribution, etc. RAWALPINDI
Name of publisher, distributor, etc. YUSUF
Date of publication, distribution, etc. 1980
300 ## - PHYSICAL DESCRIPTION
Extent 411P
942 ## - ADDED ENTRY ELEMENTS (KOHA)
Koha item type Book
Holdings
Withdrawn status Lost status Source of classification or shelving scheme Damaged status Not for loan Permanent Location Current Location Shelving location Date acquired Full call number Barcode Date last seen Price effective from Koha item type Public note
          College of Electrical & Mechanical Engineering (CEME) College of Electrical & Mechanical Engineering (CEME) General Stacks 05/16/2017 620.1 KHA'B CEME-14851 06/28/2021 06/28/2021 Book 4.1
© 2023 Central Library, National University of Sciences and Technology. All Rights Reserved.